000 00658cam a22002293a 4500
001 18503
003 PGUSA
005 20140828083408.0
008 060605s2006||||xxu|||||s|||||000 | eng d
040 _aPGUSA
_beng
042 _adc
050 4 _aBS
100 1 _aSpicer, William Ambrose,
_d1865-1952
245 1 0 _aOur Day :
_bIn the Light of Prophecy
_h[electronic resource] /
_cWilliam Ambrose Spicer
260 _bProject Gutenberg,
_c2006
506 _aPublic domain in the USA.
516 _aElectronic text
653 _aBible -- Prophecies
830 0 _aProject Gutenberg
_v18503
856 4 0 _uhttp://www.gutenberg.org/ebooks/18503
942 _cEB
999 _c247758
_d247758